000 04420nkm0a2200649 4500
001 RU\NLR\BIBL_A\022620167
005 20260204000000.0
020 _aRU
_b44-2230 (1944, № 3-4)
_9Летопись изоизданий / ВКП. - Москва, 1948. - Вып. 1944, № 3-4. - С. 68
035 _a(NLR Aleph) 022620167
071 5 0 _d10 коп.
090 _a89034
_c89034
100 _a20250911d1944 u y0rusy50 ca
101 0 _arus
102 _aRU
116 _adiycxx zz ae
135 _acrcn 024anaba
181 0 _ab4
_bxb2e
182 0 _an
200 1 _aДа здравствует 27-я годовщина Октября!
_eвоинское
_e[почтовая карточка]
_fрисунок худ. В. Правдина, Н. Денисова
203 _aИзображение
_bнеподвижное
_bдвухмерное
_bвизуальное
_cнепосредственное
210 _a[Москва]
_cИздательство Художественного фонда СССР по заказу УВПП
_d[1944
_eМосква]
_gТип. "Красное знамя"
215 _a1 л.
_cцв. фотомех. печ.
_d9,8х15,3
300 _aНа почтовой карточке также текст: Смерть немецким захватчикам!
300 _aЗаказчик УВПП - Управление военно-полевой почты
300 _aЦенз. разрешение: Г27.IX.44
300 _aВ вып. дан.: Зак. 2674
309 _aОдносторонняя почтовая карточка
325 _aКопия доступна в Электрон. б-ке РНБ
327 0 _aСоветский воин со знаменем; на заднем плане атака советских танков при поддержке авиации, вдали здание европейского собора
532 1 1 _aДа здравствует двадцать седьмая годовщина Октября!
601 0 2 _aРабоче-Крестьянская Красная армия
_c1918 - 1946
_xЛичный состав
_jОткрытки
_2nlr_sh2
_3RU\NLR\AUTH\661533780
606 1 _aПочтовые открытки маркированные художественные
_yСССР
_z1941 - 1945
_2nlr_sh2
_3RU\NLR\AUTH\661531868
606 1 _aВеликая Октябрьская социалистическая революция
_z1917
_xГодовщины
_z1944
_jОткрытки
_2nlr_sh2
_3RU\NLR\AUTH\6601684088
606 1 _aВеликая Отечественная война
_z1941 - 1945
_xВоенные операции
_yЕвропа
_jОткрытки
_2nlr_sh1
_3RU\NLR\AUTH\66178845
610 1 _aПоздравительные открытки
610 1 _aОткрытки к 7 Ноября
610 1 _aОдносторонние почтовые карточки
686 1 _aЩ153(2)7-489
700 1 _aПравдин
_bВ. Г.
_f1911-1979
_gВладислав Григорьевич
_3RU\NLR\AUTH\770278968
_4040
701 1 _aДенисов
_bН. В.
_cхудожник
_f1917-1982
_gНиколай Викторович
_3RU\NLR\AUTH\770278965
_4040
712 0 1 _aСССР
_bГлавное управление связи Красной Армии
_bУправление военно-полевой почты
_3RU\NLR\AUTH\880618205
_4570
712 0 2 _aХудожественный фонд СССР
_bИздательство
_3RU\NLR\AUTH\880625947
_4650
712 0 2 _a"Красное знамя", типография
_cМосква
_3RU\NLR\AUTH\8810047235
_4610
830 _aТехника печати - см. Летопись изоизданий. АЯ ОЭФ
852 0 0 _aNLR
_bЭ
_jО-ПК-3/1944-П
_mЭот100964
856 0 _uhttps://vivaldi.nlr.ru/lo500003957/view
856 1 _uhttps://vivaldi.nlr.ru/lo500003957/cover
856 2 _uhttps://vivaldi.nlr.ru/lo500003957/text
901 _eИзографические материалы
942 _cVISUAL
945 _aРоссийская национальная библиотека
980 _aNB
980 _aBV
981 1 7 _a(17) Изографические материалы
_b(17) Открытки